ICCEE 2009. The Second International Conference on Computer and Electrical Engineering : Proceedings.Volume 1. Dubai, UAE 28-30 December 2009
Na minha lista:
| Formato: | Livro |
|---|---|
| Idioma: | inglês |
| Publicado em: |
Los Alamitos :
IEEE Computer Society,
2009
|
| Tags: |
Sem tags, seja o primeiro a adicionar uma tag!
|
MARC
| LEADER | 00000nam a22000003a 4500 | ||
|---|---|---|---|
| 001 | stu200226 | ||
| 005 | 20141123092622.1 | ||
| 008 | 100301s2009------------------------eng-d | ||
| 020 | |a 978-0-7695-3925-6 | ||
| 040 | |a STU |b slo | ||
| 041 | 0 | |a eng | |
| 245 | |a ICCEE 2009. The Second International Conference on Computer and Electrical Engineering : |b Proceedings.Volume 1. Dubai, UAE 28-30 December 2009 | ||
| 260 | |a Los Alamitos : |b IEEE Computer Society, |c 2009 | ||
| 996 | |b 284M077951 |c M*CD-1552 |l MMKN |s A |a 24 |w stu200226_0001 | ||